000 00412cam a2200169ua 4500
001 6467
008 131212n ii |||gr||||Z||||||eng
040 _cMAIN
082 _a658
245 1 1 _aProject management
_cBy Neelesh Kumar
260 _aAgra:
_bEducational publishers,
_c2006.
300 _ax,340p.
653 _aCommerce
653 _aProject management
700 1 _aKumar,Neelesh,
_eAuthor.
942 _cBK
999 _c5616
_d5616